Speech acts : an essay in the philosophy of language / (Record no. 22)
[ view plain ]
| 000 -LEADER | |
|---|---|
| fixed length control field | 01494cam a2200361 4500 |
| 001 - CONTROL NUMBER | |
| control field | 22 |
| 003 - CONTROL NUMBER IDENTIFIER | |
| rucl marc code | BD-RjUL |
| 005 - DATE AND TIME OF LATEST TRANSACTION | |
| control field | 20211208233108.0 |
| 008 - FIXED-LENGTH DATA ELEMENTS--GENERAL INFORMATION | |
| fixed length control field | 131120r20071969enk b 001 0 eng |
| 020 ## - INTERNATIONAL STANDARD BOOK NUMBER | |
| International Standard Book Number | 9780521096263 (pbk.) |
| International Standard Book Number | 052109626X |
| International Standard Book Number | 978-0-521-07184-0 |
| International Standard Book Number | 9780521071840(hbk.) |
| 035 ## - SYSTEM CONTROL NUMBER | |
| System control number | (OCoLC)10501 |
| -- | (BD-RjUL)24 |
| 040 ## - CATALOGING SOURCE | |
| Original cataloging agency | DLC |
| Transcribing agency | DLC |
| Modifying agency | BD-RjUL |
| Language of cataloging | eng |
| 041 ## - LANGUAGE CODE | |
| Language code of text/sound track or separate title | eng |
| 082 04 - DEWEY DECIMAL CLASSIFICATION NUMBER | |
| Classification number | 401.45 |
| Edition number | 23 |
| Author mark and year | SES 2007 |
| 100 1# - MAIN ENTRY--PERSONAL NAME | |
| Personal name | Searle, John R. |
| 9 (RLIN) | 66 |
| 245 10 - TITLE STATEMENT | |
| Title | Speech acts : an essay in the philosophy of language / |
| Statement of responsibility, etc. | John R. Searle. |
| 260 ## - PUBLICATION, DISTRIBUTION, ETC. (IMPRINT) | |
| Place of publication, distribution, etc. | London : |
| Name of publisher, distributor, etc. | Cambridge U. P., |
| Date of publication, distribution, etc. | c1969. [printing 1996, 2007] |
| 300 ## - PHYSICAL DESCRIPTION | |
| Pagination | vii, 203 p. ; |
| Size | 23 cm. |
| 504 ## - BIBLIOGRAPHY, ETC. NOTE | |
| Bibliography, etc | Includes bibliographical references. |
| 505 ## - FORMATTED CONTENTS NOTE | |
| Formatted contents note | Methods and scope -- Expressions, meaning and speech acts -- The structure of illocutionary acts -- Reference as a speech act -- Predication -- Three fallacies in contemporary philosophy -- Deriving "ought" from "is." |
| Title | Table of Content |
| 526 ## - STUDY PROGRAM INFORMATION NOTE | |
| Requested Dept. | Language |
| 650 #0 - SUBJECT ADDED ENTRY--TOPICAL TERM | |
| Topical term or geographic name as entry element | Speech acts (Linguistics) |
| 9 (RLIN) | 67 |
| Topical term or geographic name as entry element | Semantics (Philosophy) |
| 9 (RLIN) | 68 |
| 856 42 - ELECTRONIC LOCATION AND ACCESS | |
| Materials specified | Publisher description |
| Uniform Resource Identifier | <a href="http://www.loc.gov/catdir/description/cam041/68024484.html">http://www.loc.gov/catdir/description/cam041/68024484.html</a> |
| Materials specified | Table of contents |
| Uniform Resource Identifier | <a href="http://www.loc.gov/catdir/toc/cam025/68024484.html">http://www.loc.gov/catdir/toc/cam025/68024484.html</a> |
| Materials specified | WorldCat |
| Uniform Resource Identifier | <a href="http:w.worldcat.org/title/speech-acts-an-essay-in-the-philosophy-of-language/oclc/10501&referer=brief_results//ww">http:w.worldcat.org/title/speech-acts-an-essay-in-the-philosophy-of-language/oclc/10501&referer=brief_results//ww</a> |
| 942 ## - ADDED ENTRY ELEMENTS (KOHA) | |
| Source of classification or shelving scheme | Dewey Decimal Classification |
| Koha item type | Books |
| Lost status | Source of classification or shelving scheme | Damaged status | Not for loan | Collection code | Permanent Location | Current Location | Shelving location | Date acquired | Source of acquisition | Cost, normal purchase price | Total Checkouts | Full call number | Date last seen | Copy number | Koha item type |
|---|---|---|---|---|---|---|---|---|---|---|---|---|---|---|---|
| Dewey Decimal Classification | Non-fiction | Central Library, University of Rajshahi | Central Library, University of Rajshahi | 06/10/2009 | Ahasania Mission Book Dis. House, Dhaka | 21023.48 | 401.45 SES 2007 | 06/11/2013 | C-3 | Books | |||||
| Dewey Decimal Classification | Non-fiction | Central Library, University of Rajshahi | Central Library, University of Rajshahi | 06/10/2009 | Ahasania Mission Book Dis. House, Dhaka | 21023.48 | 401.45 SES 2007 | 06/11/2013 | C-4 | Books | |||||
| Dewey Decimal Classification | Non-fiction | Central Library, University of Rajshahi | Central Library, University of Rajshahi | 06/10/2009 | Ahasania Mission Book Dis. House, Dhaka | 21023.48 | 401.45 SES 2007 | 06/11/2013 | C-5 | Books | |||||
| Dewey Decimal Classification | Non-fiction | Central Library, University of Rajshahi | Central Library, University of Rajshahi | 06/10/2009 | Ahasania Mission Book Dis. House, Dhaka | 21023.48 | 401.45 SES 2007 | 06/11/2013 | C-6 | Books | |||||
| Dewey Decimal Classification | Non-fiction | Central Library, University of Rajshahi | Central Library, University of Rajshahi | 09/10/2006 | Ahsania Mission Book Dis.House | 21023.48 | 401.45 SES 2007 | 06/11/2013 | C-7 | Books | |||||
| Dewey Decimal Classification | Non-fiction | Central Library, University of Rajshahi | Central Library, University of Rajshahi | 06/10/2009 | Ahsania Mission Book Dis.House | 21023.48 | 401.45 SES 2007 | 06/11/2013 | C-8 | Books | |||||
| Dewey Decimal Classification | Non-fiction | Central Library, University of Rajshahi | Central Library, University of Rajshahi | 06/10/2009 | Ahasania Mission Book Dis. House, Dhaka | 21023.48 | 401.45 SES 2007 | 06/11/2013 | C-9 | Books | |||||
| Dewey Decimal Classification | Non-fiction | Central Library, University of Rajshahi | Central Library, University of Rajshahi | 06/10/2009 | Ahasania Mission Book Dis. House, Dhaka | 21023.48 | 401.45 SES 2007 | 06/11/2013 | C-10 | Books | |||||
| Dewey Decimal Classification | Not For Loan | Non-fiction | Central Library, University of Rajshahi | Central Library, University of Rajshahi | Reading Room | 06/10/2009 | Ahasania Mission Book Dis. House, Dhaka | 21023.48 | 401.45 SES 2007 | 06/11/2013 | C-1 | Books | |||
| Dewey Decimal Classification | Non-fiction | Central Library, University of Rajshahi | Central Library, University of Rajshahi | 06/10/2009 | Ahasania Mission Book Dis. House, Dhaka | 21023.48 | 401.45 SES 2007 | 18/01/2014 | C-2 | Books |